000 01227nam a2200337 a 4500
001 000000443
003 DO-SdBNP
005 20260114113658.0
008 081218s2002 dr 001 0 spa d
020 _a9993461091
020 _a9789993461098
040 _aDO-SdBNP
_bspa
_cBNPHU
082 4 _a306.872
_bG633p, 2002
_222
100 1 _aGómez, José Miguel,
_b1959-
_9800
245 1 0 _aParejas inteligentes :
_bno ideales, no perfectas; pero sí funcionales /
_cJosé Miguel Gómez.
250 _a2a ed.
260 _aSanto Domingo :
_bUCSD,
_c2002.
300 _a166 p. ;
_c22 cm.
500 _aIncluye datos biográficos del autor
504 _aBibliografía : p. 163-166
505 0 _aConceptos generales sobre la pareja -- Conceptos parejas inteligentes -- Las parejas y sus conflictos -- Pareja y salud mental -- Pareja y familia.
590 _aInventariado, 2018/BT
650 0 _aParejas
_9802
650 4 _aElección del cónyuge
_91472
650 4 _aMatrimonio
_xAspectos psicológicos
_91473
650 0 _aViolencia familiar
_91474
650 0 _aParejas
_xPsicología
_936033
710 2 2 _aUniversidad Católica de Santo Domingo
_91476
910 _aValidado. Control de calidad. MFF
942 _2ddc
_cLBS1
999 _c441
_d441